000 01343nam0a22002891 4500
001 rc\3601759
005 20250610050154.0
021 _aRU
_b75-866
021 _aRU
_bРг2915-75
035 _a(NLR Aleph) 007707733
090 _a6816580
_c6816580
100 _a20130115d1974 |||y0rusy50 ca
101 0 _arus
102 _aRU
105 _ay z |||||
200 1 _aПараметрическая чувствительность и надежность радиоэлектронной аппаратуры
_eМатериалы конф.
_fПод общ. ред. к. т. н., доц. Кофанова Ю.Н.
_gМоск. гор. и Груз. респ. правл. Науч.-техн. о-ва приборостроит. пром-сти им. акад. С.И. Вавилова
210 _a[Москва]
_cБ. и.
_d1974
215 _a61 с.
_d21
316 _aЭкз. РНБ (74-6/6456): последняя с. помечена ошибочно: с. 69
320 _aБиблиогр. в конце докл.
702 1 _aКофанов
_bЮ.Н.
_4340
712 0 2 _aНаучно-техническое о-во приборостроительной пром-сти (Москва). Московское гор. упр.
801 0 _aRU
_bNLR
_gpsbo
801 1 _aRU
_bELAR
_2rusmarc
852 _aNLR
_j74-6/6456
942 _cBOOK
980 _aNB